Wildeana 2000 : poesie /

Enregistré dans:
Détails bibliographiques
Auteur principal: De Crivis, Otello (Auteur)
Format: Livre
Langue:italien
Publié: Novara : Tempo sensibile, [2002]
Tags: Ajouter un tag
Pas de tags, Soyez le premier à ajouter un tag!

MARC

LEADER 00000nam a22000007i 4500
001 IT\ICCU\TSA\0620714
003 ItRI
005 20260115232331.0
008 040915s2002 it |||||| ||||| |||||c
040 |b ita  |c importazione bologna sebina 
041 7 |a ita  |2 ISO-639-2 
100 1 |a De Crivis, Otello  |0 IT\ICCU\TO0V\022206  |4 aut 
245 1 0 |a Wildeana 2000 :  |b poesie /  |c Otello De Crivis. 
260 |a Novara :  |b Tempo sensibile,  |c [2002] 
300 |a [16] carte ;  |c 21 cm. 
790 0 |a Otèlo  |3 IT\ICCU\MILV\345821  |z De Crivis, Otello 
790 1 |a Soiatti, Otello  |3 IT\ICCU\TO0V\585610  |z De Crivis, Otello 
942 |2 ddc  |c BK  |n 0 
952 |0 0  |1 0  |4 0  |6 DOC_851_920000000000000_DEC  |7 0  |9 24346  |a BO  |b BO  |d 2026-01-15  |i 7297  |l 0  |o DOC 851.92 DEC  |p BO7297  |r 2026-01-15 23:23:31  |w 2026-01-15  |x [Sebina 5] [1 v.]  |y BK  |z 1 v. (Sul frontespizio firma dell'A.) 
999 |c 20724  |d 20724